| Tag |
First Indicator |
Second Indicator |
Subfields |
| LEADER |
00000pam a2200000 a 4500 |
| 001 |
in00000384321 |
| 005 |
20151011105109.0 |
| 008 |
821115s1983 nyua b 10100 eng |
| 010 |
|
|
|a 82022681
|
| 020 |
|
|
|a 0123396603
|
| 035 |
|
|
|a (OCoLC)09043774
|
| 035 |
|
|
|9 ABR4916AM
|
| 039 |
0 |
|
|a 2
|b 3
|c 3
|d 3
|e 3
|
| 040 |
|
|
|a DLC
|c DLC
|d TXA
|d UtOrBLW
|
| 049 |
|
|
|a TXAM
|
| 050 |
0 |
0 |
|a HV8
|b .S62 1983
|
| 082 |
0 |
|
|a 361.6/1
|2 19
|
| 245 |
0 |
0 |
|a Social policy evaluation :
|b an economic perspective /
|c edited by Elhanan Helpman, Assaf Razin, Efraim Sadka.
|
| 264 |
|
1 |
|a New York :
|b Academic Press,
|c 1983.
|
| 300 |
|
|
|a xiv, 313 pages :
|b illustrations ;
|c 24 cm.
|
| 336 |
|
|
|a text
|b txt
|2 rdacontent
|
| 337 |
|
|
|a unmediated
|b n
|2 rdamedia
|
| 338 |
|
|
|a volume
|b nc
|2 rdacarrier
|
| 500 |
|
|
|a Papers presented at the 1980 Pinhas Sapir Conference on Development held at the Pinhas Sapir Center for Development, Tel Aviv University, on Dec. 28-30, 1980.
|
| 504 |
|
|
|a Includes bibliographies and index.
|
| 650 |
|
0 |
|a Social service
|x Economic aspects
|x Congresses.
|
| 650 |
|
0 |
|a Social policy
|x Evaluation
|x Congresses.
|
| 700 |
1 |
|
|a Helpman, Elhanan.
|
| 700 |
1 |
|
|a Razin, Assaf.
|
| 700 |
1 |
|
|a Sadka, Efraim.
|
| 710 |
2 |
|
|a Merkaz le-fituaḥ ʻal-shem P. Sapir.
|
| 711 |
2 |
|
|a Pinhas Sapir Conference on Development
|n (2nd :
|d 1980 :
|c Pinhas Sapir Center for Development)
|
| 999 |
|
|
|a MARS
|
| 999 |
f |
f |
|s f5ab9dd4-81c0-3251-99c2-1a3e1b9025d6
|i 2e30d514-2f9f-3f83-8cf3-935333271ead
|t 0
|
| 952 |
f |
f |
|p ric
|a Texas A&M University
|b Rellis Campus
|c Joint Library Facility
|s JLF
|d Remote Storage
|t 0
|e HV8 .S62 1983
|h Library of Congress classification
|i unmediated -- volume
|m A14807775140
|
| 998 |
f |
f |
|a HV8 .S62 1983
|t 0
|l Remote Storage
|